|
|
|
|
| LEADER |
00000naa a2200000uu 4500 |
| 001 |
vtls011084827 |
| 003 |
SK-MaSNL |
| 005 |
20260302105040.0 |
| 008 |
210905|1995 xo |||||||||||||||||slo| |
| 015 |
|
|
|a SNBRA
|
| 035 |
|
|
|a (urnnbn)urn:nbn:sk:snk:ar-a0clj6
|
| 035 |
|
|
|a (uuid)4f2b30a9-0c0e-4d39-8550-a3b5c019fb50
|
| 035 |
|
|
|a urn:nbn:sk:snk-aavrfb
|
| 040 |
|
|
|a SNKBUCL
|b slo
|c SNKBUCL
|e AACR2
|
| 041 |
0 |
|
|a slo
|
| 044 |
|
|
|a xo
|c SK
|
| 100 |
1 |
|
|a Kostrej, A.
|4 aut
|9 777870
|
| 245 |
1 |
0 |
|a Kvantitatívne stanovenie veľkosti listovej plochy nedeštrukčným spôsobom priamo v poraste
|c A. KOSTREJ, J. DANKO
|
| 700 |
1 |
|
|a Danko, J.
|4 aut
|9 395400
|
| 773 |
0 |
|
|t Zásadné otázky rozvoja vedy a techniky v SR ; Výsledky vedy, výskumu a vývoja
|d Žilina] : [Dom techniky ZSVTS], 1995, 1995
|g S. 157-161
|z 8023103121
|
| 958 |
|
|
|a OND
|
| 958 |
|
|
|a article12
|
| 958 |
|
|
|a chapter
|
| 999 |
|
|
|c 1237236
|d 1239166
|